Hledáte příležitosti, nebo hrozby?

PwC celosvetový prieskum názorov generálnych riaditeľov 2015 ako aj český prieskum názorov na príležitosti a riziká, partnerstvo, systém odmeňovania, technológie, diverzitu.

Guardado en:
Detalles Bibliográficos
Autor principal: Moser, Jiří
Formato: Capítulo de libro
Lenguaje:checo
Materias:
Etiquetas: Agregar Etiqueta
Sin Etiquetas, Sea el primero en etiquetar este registro!

MARC

LEADER 00000naa a2200000 4500
001 0197496
005 20231211122258.8
041 0 |a cze 
044 |a CZ 
245 1 0 |a Hledáte příležitosti, nebo hrozby?  |c Jiří Moser 
520 |a PwC celosvetový prieskum názorov generálnych riaditeľov 2015 ako aj český prieskum názorov na príležitosti a riziká, partnerstvo, systém odmeňovania, technológie, diverzitu. 
610 2 0 |a manažment 
610 2 0 |a manažéri 
610 2 0 |a riadenie podnikové 
610 2 0 |a riadenie rizík 
610 2 0 |a spolupráca podnikov 
610 2 0 |a motivácia 
610 2 0 |a inovácia 
100 1 |a Moser, Jiří